[Event "Provincial Individual Huesca"]
[Site "Sabiñánigo,Alcalá,Binéfar,Bin"]
[Date "2016.11.19"]
[Round "6.1"]
[White "Lafarga David"]
[Black "Pellicer Jose Luis"]
[Result "1/2-1/2"]
[WhiteElo "2203"]
[BlackElo "1969"]

1.e4 e6 2.d4 d5 3.Nc3 Nf6 4.e5 Nfd7 5.f4 c5 6.Nf3 Nc6 7.Be3 a6 8.Qd2 b5 9.Nd1
$5 cxd4 10.Nxd4 Nxd4 11.Bxd4 b4 12.Bd3 a5 13.Qe3 (13.O-O Bc5 14.c3 Qb6) 13...
Ba6 14.O-O Bxd3 (14...Qc7 15.f5 $5) 15.cxd3 $1 Rc8 16.Qg3 {el momento crítico de la partida. Tras más de 20' no me decidí por la incisiva f5 al sobrestimar mis posibilidades con la textual}
(16.f5 $1 exf5 (16...Bc5 $1 {es probablemente la más resistente a pesar de permitir}
17.fxe6 (17.Bxc5 Nxc5 18.Qg3 g6 $1 19.fxe6 Nxe6 20.Ne3) 17...fxe6 18.Bxc5 Rxc5
19.d4 Rc6 20.a3 Qb6 21.axb4 Qxb4 22.Nc3 $1) 17.e6 Nf6 18.exf7+ Kxf7 19.Rxf5
Be7 20.Nf2 Rf8 21.Ng4 Kg8 {posición clave en mis cálculos en la que no encontré nada decisivo. Sin embargo los módulos proponen}
22.Rg5 { con la brillante idea} 23.Nh6+ (22...Kh8 23.Rf1) 23...Kh8 24.Rxg7
$3 Kxg7 25.Nf5+) 16...g6 17.Ne3 Bc5 $1 {Una jugada muy importante que iguala la partida ya que las negras tienen recursos para parar los ataques directos}
({es erronea por La natural} 17...Bg7 {es erronea por} 18.f5 $1 exf5 $2 19.
Nxf5) 18.Bxc5 Rxc5 19.d4 (19.Ng4 Qb6 20.Kh1 h5 $1) (19.Qh3 O-O 20.Qh6 f5 $1)
19...Rc6 20.Rfc1 Qb6 21.Rxc6 Qxc6 22.Qe1 O-O 23.Rc1 Qb7 (23...Qa4 24.Rc7 $1
Nb6 25.Ng4 {era mi esperanza pero José Luis no se complicó} (25.Qc1 $5 Qxa2
26.Ng4)) 24.Qd2 Rc8 25.Rxc8+ Qxc8 26.Qc2 Qa6 (26...Qxc2 27.Nxc2 Nb6 28.b3 {también son tablas})
27.Kf2 h5 28.b3 Nb8 29.Qc5 Nc6 30.Kf3 {No se puede progresar con las £s en el tablero y las debilidades de ambos bandos en las casillas correspondientes a su color.}
(30.Kf3 Qb5 $5 (30...a4 31.Kf2 (31.g4 $2 Qd3 $1 32.Qxc6 hxg4+) 31...axb3 32.
axb3 Qa2+ 33.Qc2) 31.Kf2 Qxc5 32.dxc5 Kf8 33.Nc2 Ke7 34.Kf3) 1/2-1/2

[Event "Provincial Individual Huesca"]
[Site "Sabiñánigo,Alcalá,Binéfar,Bin"]
[Date "2016.11.19"]
[Round "6.2"]
[White "Citoler Adriano"]
[Black "Guetas Hugo"]
[Result "1-0"]
[WhiteElo "1898"]
[BlackElo "2157"]

1.e4 Nf6 2.e5 Nd5 3.d4 d6 4.Nf3 Nc6 5.Bb5 $5 a6 6.Bxc6+ bxc6 7.O-O g6 8.c4 Nb6
9.Qe2 Bg7 10.Bg5 Be6 11.b3 O-O 12.Nc3 Qd7 13.Rad1 f6 $1 14.exf6 exf6 15.Bf4
Rae8 16.Qd2 g5 $1 17.Bg3 Bg4 18.Qd3 f5 (18...Bxf3 19.Qxf3 f5) 19.Nxg5 $5 Bxd1
20.Rxd1 Qe7 21.h4 Nd7 22.d5 $2 Nc5 23.Qc2 Bxc3 24.Qxc3 Ne4 (24...f4 25.Bh2 Qe2)
25.Nxe4 Qxe4 26.f3 Qe3+ 27.Qxe3 Rxe3 28.dxc6 Re2 29.c5 dxc5 $2 (29...f4 $1)
30.Bxc7 Re6 $2 (30...Rc8 31.Rd8+ Rxd8 32.Bxd8 Re6 33.c7 Rc6) 31.Bd6 $1 Rc8 32.
c7 Kf7 33.Bf4 Ke8 34.Rd5 Re2 35.Rxc5 Rxa2 36.Rxf5 Ra3 37.Rh5 Rxb3 38.Rxh7 a5
39.h5 Rb1+ 40.Kh2 Rb5 41.g4 Rb2+ 42.Kh3 Rb1 43.Rh8+ 1-0

[Event "Provincial Individual Huesca"]
[Site "Sabiñánigo,Alcalá,Binéfar,Bin"]
[Date "2016.11.19"]
[Round "6.3"]
[White "Aribau Miguel Angel"]
[Black "Rodriguez Avellanas Jose Manuel"]
[Result "1-0"]
[WhiteElo "2052"]
[BlackElo "1731"]

1.e4 e6 2.d4 d5 3.e5 c5 4.c3 Nc6 5.Nf3 a6 6.Bd3 cxd4 7.cxd4 Bb4+ 8.Nc3 Nge7 9.
O-O h6 10.Ne2 Bd7 11.Nf4 Qc7 $6 (11...O-O) 12.Be3 O-O 13.Rc1 b5 14.h3 Rac8 15.
Nh2 Qb8 16.Nh5 Nf5 17.Qg4 Nxe5 18.dxe5 Qxe5 19.Bxf5 Bd6 20.Nf3 Rxc1 21.Nxe5
Rxf1+ 22.Kxf1 Bxe5 23.Bd3 Be8 24.Bc5 f5 25.Qe2 Bxh5 26.Qxe5 1-0

[Event "Provincial Individual Huesca"]
[Site "Sabiñánigo,Alcalá,Binéfar,Bin"]
[Date "2016.11.19"]
[Round "6.4"]
[White "Fuentes Juan Antonio"]
[Black "Escartin Jose"]
[Result "0-1"]
[WhiteElo "1987"]
[BlackElo "1785"]

1.d4 d5 2.c4 dxc4 3.e4 e5 4.d5 Nf6 5.Nc3 c6 6.Bg5 Bc5 7.Nf3 Qb6 8.Qd2 cxd5 9.
Bxf6 Qxf6 10.Nxd5 Qd6 11.O-O-O O-O 12.Qg5 f6 13.Qg3 Qc6 14.Bxc4 Kh8 15.Kb1
Bxf2 16.Qxf2 Qxc4 17.Rhe1 Nc6 18.Rc1 Qd3+ 19.Ka1 Rb8 20.Re3 Qb5 21.Rb3 Qa4 22.
Nc3 Qa5 23.Rb5 Qd8 24.Rd1 Qe8 25.Rbd5 Be6 26.Rd6 Qe7 27.Qc5 Rfe8 28.Nd5 Bxd5
29.R1xd5 Rbc8 30.Kb1 Nd4 31.Qb4 Qc7 32.Qd2 Qc4 33.Ne1 Ne2 34.b3 Qxe4+ 35.Kb2
Nf4 36.Rb5 Ne6 37.Rd7 Red8 38.Rbd5 Rxd7 39.Rxd7 Nd4 40.Qb4 Qe2+ 41.Ka3 Qxe1 (
41...Nb5+ 42.Ka4 Qxa2+ 43.Kxb5 Qa6#) 42.Qc5 Nc2+ 43.Ka4 Qe4+ 44.b4 Qc6+ 45.
Qxc6 bxc6 46.Rxa7 f5 47.Kb3 Nd4+ 48.Kc4 Nb5 49.Re7 e4 50.a4 Na3+ 51.Kc5 (51.
Kb3 $1 Nb1 52.Kc2 Rb8 53.Kxb1 Rxb4+ 54.Kc2 g6) 51...Kg8 52.a5 Kf8 53.Re5 g6
54.Kd4 Kf7 55.a6 Kf6 56.Rc5 Nb5+ 57.Ke3 Ke6 58.g4 Na7 59.Kf4 fxg4 60.Kxe4 Rb8
61.Rc4 Rb6 62.Kf4 Rxa6 63.Kxg4 Kd5 64.Rf4 Ra4 65.Kg5 Ke5 66.Rf7 Nb5 67.Rxh7
Rxb4 68.Kxg6 c5 69.h4 c4 70.h5 c3 71.Re7+ Kd6 72.Re8 c2 73.Rc8 Nc7 0-1

[Event "Provincial Individual Huesca"]
[Site "Sabiñánigo,Alcalá,Binéfar,Bin"]
[Date "2016.11.19"]
[Round "6.5"]
[White "Hidalgo Andres"]
[Black "Rodriguez Leiva Manuel"]
[Result "0-1"]
[WhiteElo "1687"]
[BlackElo "1957"]

1.c4 e5 2.Nc3 Nc6 3.g3 Bb4 4.Bg2 Bxc3 5.bxc3 d6 6.d4 Nf6 7.Bg5 h6 8.Bxf6 Qxf6
9.e3 O-O 10.Ne2 Bg4 11.O-O Bf3 12.Rb1 b6 13.Bxf3 Qxf3 14.Nc1 Qf5 15.Nd3 Rad8
16.Nb4 Ne7 17.Qa4 Qf3 18.Qd1 Qe4 19.Qd3 Qf3 20.Qd1 Qb7 21.Re1 a5 22.Nd3 Qc6
23.Nb2 f5 24.f4 Ng6 25.Kf2 Kh7 26.Qf3 e4 27.Qd1 Qe8 28.Qh5 Qe7 29.Kg1 d5 30.
cxd5 Rxd5 31.c4 Rdd8 32.Qd1 Qa3 33.Qb3 Qd6 34.Na4 Rb8 35.Rec1 Ne7 36.Nc3 c6
37.Na4 $2 (37.Qd1) 37...b5 38.cxb5 Rxb5 39.Qc3 Rxb1 40.Rxb1 Nd5 41.Qc5 (41.Qc1)
41...Qxc5 42.Nxc5 Nxe3 43.Rb7 Re8 44.Nd7 Kh8 45.Ne5 Nc2 46.Rc7 e3 47.Kf1 Nxd4
48.Rb7 c5 49.Ke1 a4 50.h4 a3 51.h5 Kh7 52.Rb6 Ra8 53.Rb1 Ra4 54.Rb8 Rb4 55.Nd7
Rxb8 56.Nxb8 c4 57.Na6 c3 58.Nb4 Kg8 59.Nd3 c2 60.Nc1 Kf7 61.Kf1 Ke6 62.Ke1
Kd5 63.Kf1 Kc4 64.Ke1 Kc3 0-1

[Event "Provincial Individual Huesca"]
[Site "Sabiñánigo,Alcalá,Binéfar,Bin"]
[Date "2016.11.19"]
[Round "6.6"]
[White "Buisan Pedro"]
[Black "Alsina Sergio"]
[Result "1/2-1/2"]
[WhiteElo "1745"]
[BlackElo "1881"]

1.d4 d5 2.Nf3 Nf6 3.Bf4 e6 4.e3 Bd6 5.Bg3 O-O 6.Bd3 b6 7.Nbd2 Ba6 8.c4 dxc4 9.
Bxc4 Bxc4 10.Nxc4 Bb4+ 11.Ncd2 Ne4 12.O-O Nxd2 13.Nxd2 Bxd2 14.Qxd2 c5 15.Rfd1
Nd7 16.Rac1 (16.dxc5 Nxc5 17.Qc2) 16...Nf6 17.f3 cxd4 18.Qxd4 Qxd4 19.Rxd4
Rfd8 20.Rdc4 h6 21.R1c2 Nd5 22.Kf2 b5 23.Rd4 Rdc8 24.Rcd2 a5 25.Bd6 Rc6
1/2-1/2

[Event "Provincial Individual Huesca"]
[Site "Sabiñánigo,Alcalá,Binéfar,Bin"]
[Date "2016.11.19"]
[Round "6.7"]
[White "Agustin Adrian"]
[Black "Martinez Carnicer Eduardo"]
[Result "1/2-1/2"]
[WhiteElo "1691"]
[BlackElo "1847"]

1.e4 d5 2.exd5 Qxd5 3.Nf3 Bg4 4.Be2 Nf6 5.O-O e6 6.d4 Be7 7.c4 Qd8 8.Nc3 O-O
9.h3 Bh5 10.Be3 c6 11.a3 Nbd7 12.Qc2 Bg6 13.Bd3 Bxd3 14.Qxd3 h6 15.Rad1 Re8
16.Qc2 Rc8 17.Ne5 Qc7 18.Bf4 Bd6 19.Rfe1 a6 20.c5 Bxe5 21.dxe5 (21.Bxe5 $1
Nxe5 22.dxe5 Nd5 23.Ne4) 21...Nd5 22.Nxd5 cxd5 23.b4 b6 24.Qc1 Nf8 25.cxb6
Qxb6 26.Qb2 Ng6 27.Be3 Qb7 28.Rc1 Qb5 29.g3 Qd3 30.Bc5 Qf5 31.Kh2 h5 32.Qc2
Ne7 (32...Nxe5) 33.Qxf5 Nxf5 34.g4 hxg4 35.hxg4 Nh4 36.Kg3 Ng6 37.f4 Nf8 38.
Kf3 Nd7 39.Bd4 Nb8 40.Ke3 g6 41.Rh1 Nc6 42.Bc5 Kg7 43.Rh2 (43.Bd6) 43...Rh8
44.Rch1 Rxh2 45.Rxh2 g5 46.fxg5 Kg6 47.Kf4 d4 48.Rd2 d3 49.Rxd3 a5 50.Rc3 Ne7
51.Ke4 Nd5 52.Rh3 axb4 53.axb4 Nxb4 54.Be3 Rc4+ 55.Kf3 Nd5 56.Rg3 Nxe3 57.Kxe3
Kxg5 58.Rf3 Rc7 59.Rg3 Rc4 60.Rf3 Kg6 61.Rf6+ Kg7 62.Rf4 Rc3+ 63.Kd4 Rc7 64.
Ke4 1/2-1/2

[Event "Provincial Individual Huesca"]
[Site "Sabiñánigo,Alcalá,Binéfar,Bin"]
[Date "2016.11.19"]
[Round "6.8"]
[White "Garreta Blas"]
[Black "Garreta Maria"]
[Result "0-1"]
[WhiteElo "1820"]
[BlackElo "1681"]

1.d4 d5 2.Nf3 Nf6 3.c4 c6 4.cxd5 cxd5 5.Nc3 Nc6 6.e3 a6 7.Bd3 Bg4 8.Be2 e6 9.
O-O Bd6 10.a3 O-O 11.b4 $2 (11.h3) 11...Qc7 12.h3 (12.Bb2 Bxf3 13.Bxf3 Bxh2+)
12...Bxf3 13.Bxf3 Nxb4 14.Bb2 Nc6 15.Qd2 Na5 16.Qd3 Nc4 17.Rfb1 Rfc8 18.Ne2 b5
19.Bc1 Qa5 20.Rb3 Qe1# 0-1

[Event "Provincial Individual Huesca"]
[Site "Sabiñánigo,Alcalá,Binéfar,Bin"]
[Date "2016.11.19"]
[Round "6.9"]
[White "Ocabo Pedro"]
[Black "Gimenez Alfonso"]
[Result "1-0"]
[WhiteElo "1785"]
[BlackElo "1676"]

1.e4 e5 2.Nf3 Nc6 3.Bb5 Nf6 4.d3 d6 5.c3 Bd7 6.O-O h6 7.h3 a6 8.Ba4 g5 9.Nh2
b5 10.Bb3 Na5 11.Bc2 Be6 12.d4 d5 13.dxe5 Nxe4 14.Qf3 Nc6 (14...Nc4 15.Bxe4
dxe4 16.Qxe4 Bg7) 15.Bxe4 Nxe5 $4 16.Qg3 Bd6 17.f4 Nc4 (17...gxf4 18.Bxf4 dxe4
19.Bxe5) 18.Bc2 Qd7 19.b3 Bc5+ 20.Kh1 Nd6 21.f5 Nxf5 22.Bxf5 Bxf5 23.Qe5+ Qe6
24.Rxf5 Qxe5 25.Rxe5+ Kd7 26.Nd2 Kd6 27.Ndf3 f6 28.Re2 Rae8 29.Rxe8 Rxe8 30.
Bd2 f5 31.Re1 Re4 32.Rxe4 dxe4 33.Nd4 Ke5 34.Be3 Bd6 35.b4 Bf8 36.g3 f4 37.
gxf4+ gxf4 38.Ng4+ Kd5 39.Bxf4 h5 40.Ne3# 1-0

[Event "Provincial Individual Huesca"]
[Site "Sabiñánigo,Alcalá,Binéfar,Bin"]
[Date "2016.11.19"]
[Round "6.10"]
[White "Chesa Aurelio"]
[Black "Barranco Fernando"]
[Result "1-0"]
[WhiteElo "1747"]
[BlackElo "1759"]

1.d4 Nf6 2.c4 e6 3.Nf3 b6 4.a3 Bb7 5.Nc3 Be7 6.d5 O-O 7.e4 exd5 8.e5 (8.cxd5
d6 9.Bd3) 8...Ne4 9.cxd5 Ng5 $6 (9...Nxc3 10.bxc3 d6) 10.Be2 Ba6 $2 (10...
Nxf3+ 11.Bxf3 d6) 11.Nxg5 Bxg5 12.f4 Bxe2 13.Qxe2 Be7 14.Be3 Qc8 15.O-O a5 16.
f5 f6 17.e6 Na6 18.Qh5 Bc5 19.Rae1 Qe8 20.Qxe8 Rfxe8 21.Bxc5 Nxc5 22.Nb5 $1 (
22.b4 axb4 23.axb4 Nd3 $1) 22...Rec8 (22...Rac8 23.b4 Nd3 24.exd7) 23.e7 Kf7
24.d6 c6 25.Nc7 Rab8 26.e8=Q+ Rxe8 27.Rxe8 Rxe8 28.Nxe8 Kxe8 29.Re1+ Kf8 30.
Re7 a4 31.Kf1 Kg8 32.Ke2 Kf8 33.Kd2 b5 34.Kc3 Kg8 35.Kb4 Nd3+ 36.Kc3 Nc5 37.
Kb4 Nd3+ 38.Ka5 Ne5 39.Kb6 g6 40.Kc7 gxf5 41.Rxd7 c5 42.Re7 Ng6 43.Re8+ Kf7
44.d7 1-0

[Event "Provincial Individual Huesca"]
[Site "Sabiñánigo,Alcalá,Binéfar,Bin"]
[Date "2016.11.19"]
[Round "6.11"]
[White "Puertolas Arturo"]
[Black "Mendoza Pedro"]
[Result "0-1"]
[WhiteElo "1870"]
[BlackElo "1570"]

1.d4 d5 2.Nf3 Nf6 3.e3 c5 4.c3 Nc6 5.Bd3 Bg4 6.Nbd2 e6 7.O-O Bd6 8.dxc5 Bxc5
9.Qb3 Qc7 10.Nd4 O-O 11.h3 Bh5 12.Re1 Nxd4 13.exd4 Bd6 14.Nf1 Bg6 15.Qc2 Bxd3
16.Qxd3 Rac8 17.Be3 Rfe8 18.Rac1 Qa5 19.a3 a6 20.Nd2 b5 21.g4 Qc7 22.Qe2 Bf4
23.Qf3 Bxe3 24.Rxe3 Qd6 25.Kg2 Nd7 26.Qe2 e5 27.dxe5 Rxe5 28.Nf3 Rxe3 29.Qxe3
Nc5 30.Rd1 Ne6 31.Qe5 Rd8 32.Qxd6 Rxd6 33.Kg3 f6 34.Nh4 g6 35.f4 Kf7 36.Ng2
Ke7 37.h4 d4 38.f5 gxf5 39.gxf5 Ng7 40.Kf4 dxc3 41.Rxd6 Kxd6 42.bxc3 Kc5 43.
Ne3 h5 44.Ke4 Ne8 45.Kd3 Nd6 46.Kc2 Nc4 47.Ng2 Nxa3+ 48.Kb3 Nc4 49.Nf4 Nd2+
50.Kc2 Nf3 51.Nxh5 Nxh4 52.Nxf6 Nxf5 53.Ne4+ Kb6 54.Kb3 Ne3 55.Nd2 Kc5 56.Ne4+
Kd5 57.Nf2 a5 58.Nd3 Nc4 59.Kc2 Ne3+ 60.Kb3 Nc4 61.Kc2 Kc6 62.Kb3 Kb6 63.Kc2
a4 64.Nb4 Na5 65.Kb2 Nc6 66.Nc2 Kc5 67.Na3 Ne5 68.Ka2 Nc4 69.Nc2 Nd2 70.Kb2
Nf1 71.Na3 (71.Ka3) 71...Ne3 72.Ka2 $2 Nd1 $1 73.Nb1 Kd5 $1 (73...Kc4 74.Na3+
Kxc3 75.Nxb5+) 74.Ka3 Kc4 75.Nd2+ Kxc3 76.Nb3 b4+ (76...axb3) 0-1

[Event "Provincial Individual Huesca"]
[Site "Sabiñánigo,Alcalá,Binéfar,Bin"]
[Date "2016.11.19"]
[Round "6.12"]
[White "Sorinas Ramon"]
[Black "Salas Jose"]
[Result "1/2-1/2"]
[WhiteElo "1537"]
[BlackElo "1790"]

1.e4 d5 2.exd5 Nf6 3.Nf3 Nxd5 4.d4 g6 5.c4 Nb6 6.Be3 Bg7 7.Nbd2 O-O 8.Qc2 Nc6
9.d5 Ne5 10.Nxe5 Bxe5 11.Be2 e6 12.Nf3 Bf6 13.dxe6 Bxe6 14.Rd1 Qe7 15.O-O Rfd8
16.Bd4 Bf5 17.Bxf6 Qxf6 18.Qc1 Na4 19.b3 Nc3 20.Rxd8+ Rxd8 21.Re1 Nxe2+ 22.
Rxe2 Bg4 23.Rd2 Bxf3 24.Rxd8+ Qxd8 25.gxf3 Qf6 26.Kg2 Qd4 27.Qe3 Qxe3 28.fxe3
Kg7 29.Kg3 f5 30.Kf4 Kf6 31.h4 h6 32.e4 fxe4 33.Kxe4 Ke6 34.f4 c5 35.a3 b6 (
35...a5 $1) 36.b4 cxb4 37.axb4 a5 38.c5 axb4 $2 (38...a4 $1 39.cxb6 Kd7 40.h5
gxh5 41.b7 Kc7 42.f5 a3) (38...axb4 39.cxb6 Kd7 40.h5 $1 gxh5 41.b7 Kc7 42.f5)
1/2-1/2

[Event "Provincial Individual Huesca"]
[Site "Sabiñánigo,Alcalá,Binéfar,Bin"]
[Date "2016.11.19"]
[Round "6.13"]
[White "Buisac Pablo"]
[Black "Vinuales Jose Antonio"]
[Result "1/2-1/2"]
[WhiteElo "1485"]
[BlackElo "1724"]

1.d4 e6 2.Nf3 c5 3.e3 d5 4.c4 Nf6 5.Nc3 dxc4 6.Bxc4 a6 7.a4 b6 8.O-O Bb7 9.Re1
Ne4 $6 (9...Nc6) 10.Qd3 Nxc3 11.bxc3 Nd7 12.e4 Be7 13.Bf4 O-O 14.d5 exd5 15.
exd5 Bf6 16.Re3 Re8 17.Rae1 Rxe3 18.fxe3 Qe8 19.e4 Ne5 20.Nxe5 Bxe5 21.Bxe5
Qxe5 22.Rb1 Qd6 23.Qg3 $1 Qd8 24.Qf4 f6 25.e5 Bxd5 $2 26.exf6 (26.Rd1) 26...
Bxc4 27.Qxc4+ Kf8 28.Qe6 (28.Qe4) 28...gxf6 29.Qxb6 Qe7 (29...Qe7 30.Rf1)
1/2-1/2

[Event "Provincial Individual Huesca"]
[Site "Sabiñánigo,Alcalá,Binéfar,Bin"]
[Date "2016.11.19"]
[Round "6.14"]
[White "Sanclemente Angel"]
[Black "Mauri Senen"]
[Result "1-0"]
[WhiteElo "1703"]
[BlackElo "1499"]

1.d4 Nf6 2.Nc3 e6 3.Bf4 Bb4 4.Qd3 c5 5.Nf3 Nc6 6.e3 cxd4 7.exd4 Nd5 8.Bd2 Nxc3
9.bxc3 Ba5 10.Be2 O-O 11.O-O d5 12.Rfe1 Re8 13.Ng5 f5 14.Bh5 g6 15.Bf3 Qf6 $2
(15...Bc7) 16.Bxd5 Nxd4 17.cxd4 Bxd2 18.Qxd2 Re7 19.Bb3 h6 20.Nf3 Kg7 21.Ne5
b6 22.c4 Bb7 23.f3 Rd8 24.Qe3 f4 25.Qc3 Rc7 26.Rad1 h5 27.Bc2 Bd5 28.Qb4 b5
29.c5 a5 30.Qxa5 Rb7 31.Bxg6 h4 32.h3 Qg5 33.Be4 Rbb8 34.Qc7+ Kg8 35.Qh7+ 1-0

[Event "Provincial Individual Huesca"]
[Site "Sabiñánigo,Alcalá,Binéfar,Bin"]
[Date "2016.11.19"]
[Round "6.16"]
[White "Sanchez Lopez Alejandro"]
[Black "Rodriguez Alegre Oscar"]
[Result "1/2-1/2"]
[WhiteElo "1583"]
[BlackElo "1549"]

1.e4 e5 2.Nf3 d6 3.Bc4 Be7 4.d4 Bg4 5.dxe5 dxe5 6.Bxf7+ Kxf7 7.Qxd8 Bxd8 8.
Nxe5+ Kf8 9.Nxg4 Nc6 10.c3 h5 11.Ne3 Nf6 12.f3 Kf7 13.Na3 a6 14.Nac2 Be7 15.
Nf5 Bf8 16.Bf4 Rc8 17.O-O-O g6 18.Nfd4 Nd8 19.Bg5 Bd6 20.h4 Nh7 21.Be3 Re8 22.
Bf2 Nf6 23.Rhe1 Kg7 24.Kb1 Nf7 25.Ne3 c6 26.g4 hxg4 27.Nxg4 Nxg4 28.fxg4 Bc7
29.Nf3 Rcd8 30.Rxd8 Rxd8 31.Kc2 Re8 32.Bd4+ Kg8 33.e5 Re6 34.b4 Bd8 35.h5 gxh5
36.gxh5 Kh7 37.Rg1 Kh6 38.Kd3 Kxh5 39.Rg7 Re7 40.Bc5 $4 (40.Rg8) 40...Nxe5+
41.Nxe5 Rxg7 42.Bd4 Bc7 43.a4 Re7 44.Nc4 Kg4 45.a5 Kf3 46.Nd2+ Kf4 47.Kc4 Re2
48.Nb3 Bd6 49.Nc5 Bxc5 50.Kxc5 Re7 51.Kb6 Ke4 52.Bf6 Rd7 53.Bd4 Kd3 54.Bf6 Kc4
55.Bd4 Rf7 56.Be5 Kd5 $2 57.Bc7 Rf3 58.Kxb7 Rxc3 59.Bb6 Kc4 60.Kxa6 Kxb4 61.
Kb7 Kb5 62.a6 Ra3 63.a7 Ra6 64.Be3 Ra3 65.a8=Q 1/2-1/2

[Event "Provincial Individual Huesca"]
[Site "Sabiñánigo,Alcalá,Binéfar,Bin"]
[Date "2016.11.19"]
[Round "6.18"]
[White "Perez Puyal Jose Joaquin"]
[Black "Buil Jose Antonio"]
[Result "1/2-1/2"]
[WhiteElo "1827"]
[BlackElo "1814"]

1.d4 g6 2.Nf3 Bg7 3.e4 d6 4.Be3 b6 5.Nc3 Nf6 6.h3 Bb7 7.Bd3 Nfd7 8.Qd2 e5 9.
dxe5 Nxe5 10.Nxe5 Bxe5 11.O-O-O Nc6 12.f4 Bg7 13.Nd5 Ne7 14.Rhe1 Nxd5 15.exd5
O-O 16.Bc4 Qf6 17.c3 Rfe8 18.Bd4 Qf5 19.g4 Qd7 20.Bxg7 Kxg7 21.f5 Rxe1 22.f6+
Kxf6 23.Rxe1 Kg7 24.Qd4+ Kg8 25.Qe3 Kf8 26.Qh6+ Kg8 27.Qe3 Kf8 28.Qd4 Kg8 29.
Qe3 Kf8 30.Qd4 Kg8 1/2-1/2

[Event "Provincial Individual Huesca"]
[Site "Sabiñánigo,Alcalá,Binéfar,Bin"]
[Date "2016.11.18"]
[Round "6.19"]
[White "Cabos Esteban"]
[Black "Barbe Saturnino"]
[Result "0-1"]
[WhiteElo "1497"]
[BlackElo "1638"]

1.e4 c6 2.a3 d5 3.e5 Bf5 4.d4 e6 5.Bd3 Bxd3 6.Qxd3 Nd7 7.b3 Rc8 8.Nf3 c5 9.Be3
c4 10.Qc3 Ne7 11.O-O Nf5 12.Nbd2 cxb3 13.Qxb3 Nxe3 14.fxe3 Qb6 15.Rf2 Be7 16.
Raf1 O-O 17.Rb1 Rc6 18.a4 Rfc8 19.Nf1 Qxb3 20.cxb3 a5 21.h4 Rc1 22.Rbb2 R8c3
23.Kh2 f6 24.g3 fxe5 25.Nxe5 Nxe5 26.dxe5 Bd8 (26...Ba3) 27.b4 axb4 28.Rxb4 b6
29.Rbf4 Be7 30.Kh3 Rc4 31.Rf7 Rc7 32.R7f4 R1c4 33.Nh2 Rxf4 34.exf4 Rc4 35.Ra2
Bc5 36.Nf3 h6 37.a5 bxa5 38.Rxa5 Kf7 39.h5 $1 Rc1 40.Rb5 Be7 41.Rb7 Rc4 42.Nh4
Rb4 43.Ra7 Ke8 44.Ng6 Bc5 45.Ra8+ (45.Rxg7) 45...Kd7 46.Rg8 d4 47.Rxg7+ Kc6
48.Ne7+ $2 (48.Nh4 d3 49.Nf3 Rb2 50.Rf7 Rf2 51.Kg4 Kd5 52.f5 exf5+ 53.Rxf5 d2
54.Nxd2 Rxd2 55.e6+) 48...Kb5 49.Nc8 Kc4 50.Nd6+ Kd3 51.Rc7 Bb6 52.Rc8 Ke2 53.
f5 d3 54.f6 d2 55.Rc2 Bd8 56.f7 Be7 57.g4 Ke1 58.Rxd2 Kxd2 59.g5 hxg5 60.h6
Rh4+ 61.Kg3 Rxh6 62.Ne4+ Ke3 63.Nxg5 Rg6 64.Kh4 Rxg5 65.f8=Q Rg7+ 66.Qf6 Bxf6+
67.exf6 Rf7 68.Kg5 Ke4 69.Kg6 Rxf6+ 70.Kxf6 e5 71.Ke6 Kd4 72.Kf5 e4 73.Kf4 Kd3
74.Kg3 e3 0-1

[Event "Provincial Individual Huesca"]
[Site "Sabiñánigo,Alcalá,Binéfar,Bin"]
[Date "2016.11.19"]
[Round "6.20"]
[White "Torres David"]
[Black "Torres Antonio"]
[Result "1-0"]
[WhiteElo "1461"]
[BlackElo "1469"]

1.d4 b6 2.Nf3 Bb7 3.g3 e6 4.Bg2 f5 5.O-O Nf6 6.Nbd2 Be7 7.b3 O-O 8.c4 d6 9.Bb2
Nbd7 $2 (9...Qc8) (9...Na6) 10.Ng5 Qc8 11.Nxe6 Bxg2 12.Kxg2 Re8 13.Re1 Nf8 (
13...d5) 14.Nxf8 Kxf8 15.d5 c6 16.e4 c5 17.e5 dxe5 18.Bxe5 Ng4 19.f4 g5 20.h3
Nf6 21.fxg5 Nd7 22.Bf4 Kf7 23.Qh5+ 1-0

[Event "Provincial Individual Huesca"]
[Site "Sabiñánigo,Alcalá,Binéfar,Bin"]
[Date "2016.11.26"]
[Round "7.1"]
[White "Citoler Adriano"]
[Black "Lafarga David"]
[Result "0-1"]
[WhiteElo "1898"]
[BlackElo "2203"]

1.e4 e6 2.d4 d5 3.e5 c5 4.c3 Qb6 5.Nf3 Nc6 6.a3 c4 7.Nbd2 Na5 8.Rb1 Bd7 9.b4
cxb3 10.c4 $5 Ne7 $1 (10...dxc4 $2 11.Nxc4 Nxc4 12.Bxc4 Rc8 13.Bxb3) (10...Ba4
11.cxd5 exd5 12.Bd3 Ne7 13.O-O {la ventaja de desarrollo y la falta del §e6 se hacen notar})
11.c5 (11.cxd5 Nxd5 12.Ne4 (12.Bd3 Nc3) 12...Bb5) 11...Qc7 12.Bd3 (12.Nxb3 Ba4
13.Nfd2 Nec6 14.Qg4 {era una posibilidad más practica. Prefiero las negras pero ambos bandos tienen sus triunfos, las blancas su ventaja de espacio y £ activa con el ¢ negro en el centro, las negras la presión sobre d4 y la posibilidad de contraatacar con b6 minando la cuña blanca.})
12...Ba4 13.O-O (13.Nxb3 Bxb3 (13...Nxb3 14.Bc2 Nxc5) 14.Rxb3 Nxb3 15.Qxb3 Nc6)
(13.Qe2 Qd7 14.O-O b6 15.cxb6 axb6 16.Ng5 h6 17.Nh7 Rxh7 18.Bxh7 g6 19.h4 h5)
13...h6 14.Qe2 a6 15.Bb2 Nec6 (15...b6 {es una ruptura siempre latente, pero preferí completar el desarrollo})
16.h4 (16.Rbc1 {para "cazar" el ¥ negro con ¤b1-c3} 16...b5) 16...Be7 17.g3
Kd7 $5 (17...b6 18.Bxa6 Qa7 $1 {Elegante pero difícil de ver para el ojo humano (Stockfish)})
(17...O-O-O) 18.Kg2 g5 19.hxg5 hxg5 20.Rh1 Rag8 21.Nh2 $1 (21.Rxh8 Rxh8 22.Rh1
Rxh1 23.Kxh1 b5 24.cxb6 Qxb6 25.Bxa6 g4) 21...Qd8 22.Ng4 Rxh1 23.Rxh1 Rh8 (
23...Kc8 $5) 24.Nh6 (24.Rxh8 Qxh8 25.Bc3 Bd8 {más resistente pero el negro juega por dos resultados (ambos suficientes para el campeonato)})
24...Qf8 $1 25.Qh5 $2 {una jugada amenazante con el tiempo apremiando, y lógica dada la situación del torneo, sin embargo los módulos la consideran el error decisivo. La autoclavada concede recursos extra a las negras.}
(25.Ng4 Rxh1 26.Kxh1 Kc7 27.Kg2 b5) 25...Nd8 26.Bc3 (26.Nf3 {directa permite}
26...Nc4 27.Bc1 Rxh6 $1 28.Qxh6 Qxh6 29.Rxh6 g4 30.Nh2 (30.Nd2 b2) 30...b2 31.
Bf4 Nxa3) 26...Nac6 27.Nf3 Qg7 28.Bd2 b2 $1 {el §b inmovil desde la jugada 9, pero importante para evaluar la posición, decide finalmente la partida}
29.g4 (29.Bc3 Bf8) 29...Bb3 30.Bb1 Kc7 31.Nf5 (31.Nxg5 Nxd4 {una vez cae este §, c5 es muy débil}
32.Ba5+ Kb8 33.Bxd8 (33.Ngxf7 Nxf7 34.Qxf7 Qxf7 35.Nxf7 Rxh1 36.Kxh1 Bc2)
33...Rxd8 34.Ngxf7 Rc8) (31.Bxg5 Bxg5 32.Qxg5 Qxg5 33.Nxg5 Nxd4) (31.Bc3 Bd1
$1) 31...Rxh5 32.Nxg7 Rxh1 33.Kxh1 Bd1 $1 34.Nxg5 Bxg4 35.Ne8+ Kd7 36.Nf6+
Bxf6 37.exf6 Bf5 0-1

[Event "Provincial Individual Huesca"]
[Site "Sabiñánigo,Alcalá,Binéfar,Bin"]
[Date "2016.11.26"]
[Round "7.2"]
[White "Rodriguez Leiva Manuel"]
[Black "Aribau Miguel Angel"]
[Result "1-0"]
[WhiteElo "1957"]
[BlackElo "2052"]

1.c4 e5 2.Nc3 Nc6 3.e4 g6 4.d3 Bg7 5.Nf3 d6 6.Be2 Nge7 7.O-O O-O 8.Bg5 h6 9.
Bd2 f5 10.Nd5 g5 11.Bc3 Ng6 12.Nd2 Nce7 13.Nxe7+ Qxe7 14.exf5 Bxf5 15.Ne4 Nf4
16.Rc1 Kh8 17.Ng3 Bg6 18.Nh5 $1 c5 19.Nxf4 gxf4 20.Bf3 Rab8 21.Re1 Qg5 22.Be4
Bf7 23.f3 Bf6 24.Re2 Rg8 $2 (24...b5) 25.Qa4 Be6 26.Qxa7 h5 27.Qb6 Be7 28.Bd5
Bxd5 29.cxd5 Qg6 30.Rd1 Qf7 (30...Bd8) 31.Kf1 (31.Rxe5 $1 dxe5 32.Qh6+ Qh7 33.
Bxe5+ Rg7 34.Bxg7+ Kg8 35.Qe6+ Kxg7 36.Qe5+ Bf6 37.Qxb8) 31...Bf8 32.a4 $2 (
32.Rxe5 dxe5 33.Bxe5+ Kh7 34.Bxb8) 32...Qxd5 33.Re4 Bg7 34.Qc7 Rbd8 $2 35.Rxf4
$1 Rgf8 36.Rxf8+ Rxf8 37.Ke2 Kg8 38.Qe7 Bf6 39.Qd7 Rf7 40.Qf5 h4 41.Rf1 Be7
42.Qc8+ Kh7 43.Rf2 Rg7 44.Qf5+ Kh8 45.f4 Rf7 46.Qh5+ Kg8 47.Rf3 c4 48.dxc4
Qxc4+ 49.Kd2 Qd5+ 50.Kc1 Bf6 51.fxe5 dxe5 52.Qg6+ Bg7 53.Bxe5 $2 (53.Rxf7 Qxf7
54.Qe4) 53...Qxe5 (53...Rd7 $1 54.Qe8+ Kh7 55.Qh5+) 54.Qxf7+ Kh8 55.Qxb7 Qg5+
56.Kb1 Qe5 57.Rb3 Qe6 58.Ka2 Qc4 59.Qb5 1-0

[Event "Provincial Individual Huesca"]
[Site "Sabiñánigo,Alcalá,Binéfar,Bin"]
[Date "2016.11.26"]
[Round "7.3"]
[White "Pellicer Jose Luis"]
[Black "Escartin Jose"]
[Result "0-1"]
[WhiteElo "1969"]
[BlackElo "1785"]

1.e4 d6 2.f4 e5 3.Nf3 exf4 4.Bc4 Nc6 5.d4 Na5 6.Bd3 (6.Bb5+ $5 Nc6 (6...c6 7.
Bd3) 7.Bxf4) 6...Nf6 (6...g5 $5) 7.Bxf4 c5 8.Qe2 Be7 9.O-O cxd4 10.Nxd4 Qb6
11.c3 (11.Be3 $1 {Stockfish} 11...Qxb2 $2 12.Nb5 Qxa1 13.Bd4 Qxa2 14.N1c3 Qe6
15.Nc7+) 11...Nc6 12.e5 dxe5 13.Bxe5 O-O 14.Rxf6 $2 Bxf6 15.Qe4 Rd8 (15...g6
16.Bxf6) (15...Re8 16.Qxh7+ Kf8 17.Bd6+ Ne7 18.Qh8#) 16.Qxh7+ Kf8 17.Bxf6 gxf6
18.Qh6+ Ke7 19.Qe3+ Be6 20.Na3 Nxd4 21.Nc4 Nf3+ $1 0-1